[Event "GER-ch Women 2020"]
[Site "Magdeburg"]
[Date "2020.08.19"]
[Round "5.6"]
[White "Butenandt, Svenja"]
[Black "Kuehnel, Lena"]
[Result "1-0"]
[WhiteElo "1879"]
[BlackElo "1972"]
[Annotator "ChessBase"]
[PlyCount "129"]
[EventDate "2020.08.16"]
[EventType "swiss"]
[EventCountry "GER"]
[SourceTitle "playchess.com"]
[Source "ChessBase"]
[SourceQuality "1"]
[TimeControl "40/5400+30:1800+30"]

1. d4 {[%emt 0:00:00]} d5 {[%emt 0:00:00]} 2. c4 {[%emt 0:00:00]} dxc4 {[%emt 0:00:00]} 3. e4 {[%emt 0:00:00]} e5 {[%emt 0:00:16]} 4. Nf3 {[%emt 0:00:40]} exd4 {[%emt 0:00:40]} 5. Bxc4 {[%emt 0:00:16]} Nc6 {[%emt 0:00:57]} 6. O-O {[%emt 0:03:29]} Nf6 {[%emt 0:01:37]} 7. Nbd2 {[%emt 0:09:07]} Be7 {[%emt 0:07:51]} 8. h3 {[%emt 0:06:37]} O-O {[%emt 0:05:24]} 9. e5 {[%emt 0:03:18]} Nd5 {[%emt 0:19:12]} 10. Nb3 {[%emt 0:01:17]} Nb6 {[%emt 0:01:49]} 11. Bb5 {[%emt 0:01:22]} Nxe5 {[%emt 0:16:30]} 12. Nxe5 {[%emt 0:02:26]} Qd5 {[%emt 0:00:12]} 13. Qe2 {[%emt 0:02:33]} Bd6 {[%emt 0:05:00]} 14. Nf3 {[%emt 0:01:26]} c5 {[%emt 0:01:37]} 15. Nbd2 {[%emt 0:06:26]} Bf5 {[%emt 0:03:35]} 16. Nh4 {[%emt 0:08:56]} Be6 {[%emt 0:03:41]} 17. Qe4 {[%emt 0:05:24]} Qh5 {[%emt 0:01:08]} 18. Be2 {[%emt 0:05:15]} Qd5 {[%emt 0:02:00]} 19. Bf3 {[%emt 0:04:16]} Rac8 {[%emt 0:03:19]} 20. Qe2 {[%emt 0:06:52]} Qg5 {[%emt 0:04:02]} 21. Ne4 {[%emt 0:01:56]} Qd8 {[%emt 0:01:40]} 22. Nxd6 {[%emt 0:00:54]} Qxd6 {[%emt 0:01:06]} 23. Bxb7 {[%emt 0:01:53]} Rce8 {[%emt 0:02:18]} 24. Qh5 {[%emt 0:06:41]} Bc4 {[%emt 0:01:12]} 25. Nf5 {[%emt 0:07:07]} Qf6 {[%emt 0:04:05]} 26. Qg4 {[%emt 0:06:36]} Bxf1 {[%emt 0:01:33]} 27. Kxf1 {[%emt 0:01:20]} Qg6 {[%emt 0:03:12]} 28. Bg5 {[%emt 0:00:56]} f6 {[%emt 0:00:17]} 29. Bf4 {[%emt 0:02:45]} Qxg4 {[%emt 0:01:17]} 30. hxg4 {[%emt 0:00:09]} Re6 {[%emt 0:03:06]} 31. Bd6 {[%emt 0:00:46]} Rf7 {[%emt 0:00:34]} 32. Bf3 {[%emt 0:00:29]} c4 {[%emt 0:00:44]} 33. Bc5 {[%emt 0:00:53]} Rd7 {[%emt 0:03:17]} 34. Bxd4 {[%emt 0:02:05]} g6 {[%emt 0:00:20]} 35. Bxb6 {[%emt 0:00:07]} Rxb6 {[%emt 0:00:48]} 36. Ne3 {[%emt 0:00:07]} Rxb2 {[%emt 0:00:34]} 37. Nxc4 {[%emt 0:00:10]} Rc2 {[%emt 0:00:18]} 38. Ne3 {[%emt 0:00:11]} Rb2 {[%emt 0:00:37]} 39. Rd1 {[%emt 0:01:04]} Rxd1+ {[%emt 0:02:13]} 40. Bxd1 {[%emt 0:00:11]} Kf8 {[%emt 0:00:30]} 41. Bb3 {[%emt 0:30:24]} Rd2 {[%emt 0:04:29]} 42. Nd5 {[%emt 0:00:00]} Kg7 {[%emt 0:02:52]} 43. Ke1 {[%emt 0:00:00]} Rd4 {[%emt 0:00:40]} 44. f3 {[%emt 0:00:00]} f5 {[%emt 0:01:30]} 45. gxf5 {[%emt 0:00:00]} gxf5 {[%emt 0:00:09]} 46. g3 {[%emt 0:00:00]} h5 {[%emt 0:04:59]} 47. Ne3 {[%emt 0:00:00]} Kf6 {[%emt 0:01:42]} 48. Bc2 {[%emt 0:00:00]} h4 {[%emt 0:03:54]} 49. gxh4 {[%emt 0:00:00]} Rxh4 {[%emt 0:00:08]} 50. Nxf5 {[%emt 0:00:00]} Rh1+ {[%emt 0:00:50]} 51. Kd2 {[%emt 0:00:00]} Rh2+ {[%emt 0:05:47]} 52. Kc3 {[%emt 0:00:00]} Rxc2+ {[%emt 0:00:36]} 53. Kxc2 {[%emt 0:00:00]} Kxf5 {[%emt 0:00:03]} 54. Kd2 {[%emt 0:00:00]} Kf4 {[%emt 0:00:36]} 55. Ke2 {[%emt 0:00:00]} Kf5 {[%emt 0:02:54]} 56. Ke3 {[%emt 0:00:00]} Ke5 {[%emt 0:00:28]} 57. a4 {[%emt 0:00:00]} Kf5 {[%emt 0:03:22]} 58. a5 {[%emt 0:00:00]} Ke5 {[%emt 0:01:03]} 59. a6 {[%emt 0:00:00]} Kf5 {[%emt 0:00:57]} 60. Kd4 {[%emt 0:00:00]} Kf4 {[%emt 0:00:09]} 61. Kc5 {[%emt 0:00:00]} Kxf3 {[%emt 0:00:06]} 62. Kc6 {[%emt 0:00:00]} Ke4 {[%emt 0:00:10]} 63. Kb7 {[%emt 0:00:00]} Kd5 {[%emt 0:00:14]} 64. Kxa7 {[%emt 0:00:00]} Kc6 {[%emt 0:00:07]} 65. Kb8 {[%emt 0:00:00]} 1-0

[Event "GER-ch Women 2020"]
[Site "Magdeburg"]
[Date "2020.08.19"]
[Round "5.7"]
[White "Mehling, Katharina"]
[Black "Heutling, Elina"]
[Result "1-0"]
[WhiteElo "1947"]
[BlackElo "1833"]
[Annotator "ChessBase"]
[PlyCount "121"]
[EventDate "2020.08.16"]
[EventType "swiss"]
[EventCountry "GER"]
[SourceTitle "playchess.com"]
[Source "ChessBase"]
[SourceQuality "1"]
[TimeControl "40/5400+30:1800+30"]

1. e4 e5 {[%emt 0:00:00]} 2. Nf3 {[%emt 0:00:00]} Nc6 {[%emt 0:00:00]} 3. d4 {[%emt 0:00:00]} exd4 {[%emt 0:00:00]} 4. Nxd4 {[%emt 0:00:00]} Nf6 {[%emt 0:00:14]} 5. Nxc6 {[%emt 0:00:02]} bxc6 {[%emt 0:00:05]} 6. e5 {[%emt 0:00:07]} Qe7 {[%emt 0:00:07]} 7. Qe2 {[%emt 0:00:11]} Nd5 {[%emt 0:00:10]} 8. c4 {[%emt 0:00:15]} Ba6 {[%emt 0:00:17]} 9. Nd2 {[%emt 0:00:48]} g6 {[%emt 0:06:35]} 10. Nf3 {[%emt 0:00:30]} Bg7 {[%emt 0:04:11]} 11. Bg5 {[%emt 0:18:54]} Qb4+ {[%emt 0:16:02]} 12. Qd2 {[%emt 0:01:14]} Qxd2+ {[%emt 0:02:21]} 13. Kxd2 {[%emt 0:00:35]} Nb6 {[%emt 0:01:48]} 14. b3 {[%emt 0:06:32]} O-O {[%emt 0:06:41]} 15. Re1 {[%emt 0:06:48]} Rfe8 {[%emt 0:04:13]} 16. Bd3 {[%emt 0:00:54]} Bb7 {[%emt 0:05:38]} 17. Re2 {[%emt 0:09:02]} a5 {[%emt 0:12:46]} 18. Rhe1 {[%emt 0:06:26]} Bf8 {[%emt 0:00:51]} 19. Kc2 {[%emt 0:06:01]} a4 {[%emt 0:03:53]} 20. Rb1 {[%emt 0:01:40]} axb3+ {[%emt 0:05:16]} 21. axb3 {[%emt 0:01:04]} Bg7 {[%emt 0:08:57]} 22. Bd2 {[%emt 0:06:18]} d6 {[%emt 0:06:32]} 23. Bc3 {[%emt 0:02:02]} Nd7 {[%emt 0:02:45]} 24. exd6 {[%emt 0:05:29]} Rxe2+ {[%emt 0:01:02]} 25. Bxe2 {[%emt 0:00:07]} cxd6 {[%emt 0:00:26]} 26. Nd2 {[%emt 0:06:37]} Re8 {[%emt 0:03:37]} 27. Bxg7 {[%emt 0:03:10]} Kxg7 {[%emt 0:04:51]} 28. Kd1 {[%emt 0:00:48]} Ra8 {[%emt 0:02:10]} 29. Kc2 {[%emt 0:05:18]} Nb6 {[%emt 0:01:17]} 30. Bf3 {[%emt 0:02:13]} f5 {[%emt 0:00:42]} 31. h4 {[%emt 0:01:02]} Nd7 {[%emt 0:00:38]} 32. Re1 {[%emt 0:03:42]} Kf6 {[%emt 0:00:40]} 33. Kb2 {[%emt 0:02:36]} Ne5 {[%emt 0:00:37]} 34. Re2 {[%emt 0:00:26]} h6 {[%emt 0:00:35]} 35. g3 {[%emt 0:01:13]} g5 {[%emt 0:00:32]} 36. hxg5+ {[%emt 0:00:34]} hxg5 {[%emt 0:00:03]} 37. Bg2 {[%emt 0:01:16]} Rh8 {[%emt 0:00:53]} 38. Nf1 {[%emt 0:01:29]} Re8 {[%emt 0:00:50]} 39. Kc3 {[%emt 0:00:18]} Ra8 {[%emt 0:00:19]} 40. Rd2 {[%emt 0:00:51]} Rd8 {[%emt 0:00:46]} 41. Nh2 {[%emt 0:10:01]} Ke7 {[%emt 0:10:00]} 42. Nf3 {[%emt 0:04:12]} Nxf3 {[%emt 0:04:20]} 43. Bxf3 {[%emt 0:00:10]} Kd7 {[%emt 0:03:05]} 44. c5 {[%emt 0:05:41]} d5 {[%emt 0:02:04]} 45. Kd4 {[%emt 0:01:30]} Ke6 {[%emt 0:03:31]} 46. Ra2 {[%emt 0:01:59]} Kf6 {[%emt 0:07:17]} 47. Be2 {[%emt 0:02:47]} Re8 {[%emt 0:00:42]} 48. Bd3 {[%emt 0:00:16]} g4 {[%emt 0:01:03]} 49. Ra7 {[%emt 0:01:54]} Rb8 {[%emt 0:01:36]} 50. b4 {[%emt 0:06:44]} Ba8 {[%emt 0:00:41]} 51. Ra4 {[%emt 0:02:00]} Ke6 {[%emt 0:00:53]} 52. b5 {[%emt 0:00:19]} cxb5 {[%emt 0:00:33]} 53. Ra6+ {[%emt 0:00:06]} Ke7 {[%emt 0:00:22]} 54. Bxf5 {[%emt 0:00:23]} b4 {[%emt 0:00:22]} 55. Rb6 {[%emt 0:00:48]} Rf8 {[%emt 0:00:27]} 56. Ke5 {[%emt 0:00:48]} Rf7 {[%emt 0:00:52]} 57. Rxb4 {[%emt 0:00:17]} Bc6 {[%emt 0:00:17]} 58. Rxg4 {[%emt 0:00:22]} Kf8 {[%emt 0:00:57]} 59. Rg6 {[%emt 0:00:16]} Re7+ {[%emt 0:00:16]} 60. Be6 {[%emt 0:00:29]} Ke8 {[%emt 0:00:19]} 61. Rg8# 1-0

[Event "GER-ch Women 2020"]
[Site "Magdeburg"]
[Date "2020.08.19"]
[Round "5.8"]
[White "Stowicek, Yara Mathilda"]
[Black "Brunner, Sophia"]
[Result "1/2-1/2"]
[WhiteElo "1674"]
[BlackElo "1881"]
[Annotator "NA"]
[PlyCount "65"]
[EventDate "2020.08.16"]
[EventType "swiss"]
[EventCountry "GER"]
[SourceTitle "playchess.com"]
[Source "ChessBase"]
[SourceQuality "1"]
[TimeControl "40/5400+30:1800+30"]

1. e4 {[%emt 0:00:00]} e6 {[%emt 0:00:00]} 2. d4 {[%emt 0:00:00]} d5 {[%emt 0:00:00]} 3. Nd2 {[%emt 0:00:00]} Nf6 {[%emt 0:00:00]} 4. e5 {[%emt 0:00:00]} Nfd7 {[%emt 0:00:02]} 5. Bd3 {[%emt 0:00:03]} c5 {[%emt 0:00:09]} 6. c3 {[%emt 0:00:07]} Nc6 {[%emt 0:00:07]} 7. Ne2 {[%emt 0:00:19]} cxd4 {[%emt 0:00:12]} 8. cxd4 {[%emt 0:00:18]} f6 {[%emt 0:00:09]} 9. exf6 {[%emt 0:00:19]} Qxf6 {[%emt 0:00:07]} 10. Nf3 {[%emt 0:01:03]} h6 {[%emt 0:00:26]} 11. O-O {[%emt 0:06:01]} Bd6 $1 {[%emt 0:00:14]} 12. Ng3 {[%emt 0:02:24]} O-O {[%emt 0:00:13]} 13. Be3 {[%emt 0:08:35]} Rd8 {[%emt 0:00:58]} 14. Nh5 {[%emt 0:15:51]} Qf7 {[%emt 0:10:59]} 15. Nh4 {[%emt 0:04:01]} Nf8 {[%emt 0:05:57]} 16. Qg4 {[%emt 0:16:01]} Kh8 {[%emt 0:26:59]} 17. Ng6+ {[%emt 0:16:16]} Nxg6 $11 {[%emt 0:01:24]} 18. Bxg6 {[%emt 0:00:15]} Qf8 {[%emt 0:20:34]} 19. Ng3 {[%emt 0:10:22]} Ne7 {[%emt 0:03:02]} 20. Bc2 {[%emt 0:02:02]} e5 {[%emt 0:05:21]} 21. Qh5 {[%emt 0:01:09]} e4 {[%emt 0:01:55]} 22. f3 {[%emt 0:00:39]} g6 {[%emt 0:04:33]} 23. Qxh6+ {[%emt 0:04:55]} Qxh6 {[%emt 0:00:06]} 24. Bxh6 {[%emt 0:00:06]} Bxg3 {[%emt 0:03:56]} 25. hxg3 {[%emt 0:00:19]} Nf5 {[%emt 0:09:43]} 26. Bg5 {[%emt 0:01:10]} Re8 {[%emt 0:02:50]} 27. fxe4 {[%emt 0:01:48]} Nxg3 {[%emt 0:02:39]} 28. Bf6+ {[%emt 0:03:22]} Kg8 {[%emt 0:00:08]} 29. Rfe1 {[%emt 0:00:31]} Nxe4 {[%emt 0:00:29]} 30. Be5 {[%emt 0:00:08]} Bf5 {[%emt 0:00:24]} 31. Bxe4 {[%emt 0:02:44]} Bxe4 {[%emt 0:00:05]} 32. Rac1 {[%emt 0:00:47]} Rac8 {[%emt 0:00:08]} 33. Kf2 {[%emt 0:02:20]} 1/2-1/2

[Event "GER-ch Women 2020"]
[Site "Magdeburg"]
[Date "2020.08.19"]
[Round "5.9"]
[White "Kopylov, Luba"]
[Black "Von Herman, Brigitte"]
[Result "1-0"]
[WhiteElo "2027"]
[BlackElo "2085"]
[Annotator "ChessBase"]
[PlyCount "52"]
[EventDate "2020.08.16"]
[EventType "swiss"]
[EventCountry "GER"]
[SourceTitle "playchess.com"]
[Source "ChessBase"]
[SourceQuality "1"]
[TimeControl "40/5400+30:1800+30"]

1. d4 {[%emt 0:00:00]} Nf6 {[%emt 0:00:00]} 2. c4 {[%emt 0:00:00]} e6 {[%emt 0:00:00]} 3. Nc3 {[%emt 0:00:07]} Bb4 {[%emt 0:00:07]} 4. Qc2 {[%emt 0:00:21]} Nc6 {[%emt 0:00:13]} 5. Nf3 {[%emt 0:00:15]} d6 {[%emt 0:00:17]} 6. Bd2 {[%emt 0:00:18]} O-O {[%emt 0:01:13]} 7. a3 {[%emt 0:00:18]} Bxc3 {[%emt 0:00:11]} 8. Bxc3 {[%emt 0:00:06]} Qe7 {[%emt 0:01:21]} 9. e3 {[%emt 0:00:26]} e5 {[%emt 0:01:07]} 10. d5 {[%emt 0:00:13]} Nb8 {[%emt 0:01:11]} 11. Nd2 {[%emt 0:00:24]} c6 {[%emt 0:03:22]} 12. dxc6 {[%emt 0:00:23]} bxc6 {[%emt 0:03:13]} 13. Bd3 {[%emt 0:02:47]} Re8 {[%emt 0:12:30]} 14. Ne4 {[%emt 0:09:29]} Nbd7 {[%emt 0:06:05]} 15. Bb4 {[%emt 0:04:42]} c5 {[%emt 0:01:47]} 16. Ba5 {[%emt 0:00:57]} Nf8 {[%emt 0:05:46]} 17. Rd1 {[%emt 0:06:37]} Bb7 {[%emt 0:08:08]} 18. Nxd6 {[%emt 0:05:17]} Reb8 {[%emt 0:14:32]} 19. O-O {[%emt 0:11:41]} Bc6 {[%emt 0:04:14]} 20. Ne4 {[%emt 0:06:26]} h5 {[%emt 0:12:21]} 21. Nxf6+ {[%emt 0:05:39]} Qxf6 {[%emt 0:01:23]} 22. Bc3 {[%emt 0:02:03]} Qg5 {[%emt 0:05:14]} 23. Be4 {[%emt 0:00:49]} Bxe4 {[%emt 0:01:34]} 24. Qxe4 {[%emt 0:00:05]} Re8 {[%emt 0:00:28]} 25. Rd5 {[%emt 0:02:16]} f5 {[%emt 0:04:36]} 26. Rxe5 {[%emt 0:03:24]} Qd8 1-0

[Event "GER-ch Women 2020"]
[Site "Magdeburg"]
[Date "2020.08.19"]
[Round "5.10"]
[White "Zimmer, Elke"]
[Black "Schumann, Rabea"]
[Result "1-0"]
[WhiteElo "1952"]
[BlackElo "1871"]
[Annotator "ChessBase"]
[PlyCount "131"]
[EventDate "2020.08.16"]
[EventType "swiss"]
[EventCountry "GER"]
[SourceTitle "playchess.com"]
[Source "ChessBase"]
[SourceQuality "1"]
[TimeControl "40/5400+30:1800+30"]

1. b4 {[%emt 0:00:00]} Nf6 {[%emt 0:02:27]} 2. Bb2 {[%emt 0:00:00]} d5 {[%emt 0:01:56]} 3. Nf3 {[%emt 0:01:33]} g6 {[%emt 0:04:28]} 4. Bxf6 {[%emt 0:01:11]} exf6 {[%emt 0:00:07]} 5. a3 {[%emt 0:00:17]} Bg7 {[%emt 0:04:30]} 6. d4 {[%emt 0:00:05]} O-O {[%emt 0:01:00]} 7. e3 Bg4 8. h3 {[%emt 0:05:14]} Bxf3 {[%emt 0:28:20]} 9. Qxf3 {[%emt 0:00:26]} c6 {[%emt 0:01:12]} 10. Nd2 {[%emt 0:00:42]} Nd7 {[%emt 0:00:41]} 11. Bd3 {[%emt 0:00:44]} Re8 {[%emt 0:01:44]} 12. O-O {[%emt 0:03:12]} f5 {[%emt 0:12:41]} 13. Rac1 {[%emt 0:06:44]} b5 {[%emt 0:03:20]} 14. Nb3 {[%emt 0:11:34]} a6 {[%emt 0:04:24]} 15. Qg3 {[%emt 0:07:06]} Qb8 {[%emt 0:02:11]} 16. Qf3 {[%emt 0:01:43]} Qd8 {[%emt 0:01:57]} 17. Na5 {[%emt 0:00:15]} Qc7 {[%emt 0:02:41]} 18. Nb3 {[%emt 0:00:25]} Qd8 {[%emt 0:02:56]} 19. g3 {[%emt 0:01:32]} Qc7 {[%emt 0:01:17]} 20. c3 {[%emt 0:01:18]} Nf6 {[%emt 0:01:13]} 21. Rc2 {[%emt 0:00:49]} Qd6 {[%emt 0:00:41]} 22. Ra2 {[%emt 0:01:09]} Re7 {[%emt 0:01:46]} 23. Rfa1 {[%emt 0:00:42]} Rea7 {[%emt 0:00:49]} 24. Qf4 {[%emt 0:01:05]} Qe7 {[%emt 0:02:08]} 25. a4 {[%emt 0:02:03]} Ne8 {[%emt 0:01:47]} 26. Kg2 {[%emt 0:08:15]} Bf8 {[%emt 0:01:22]} 27. g4 {[%emt 0:04:07]} fxg4 {[%emt 0:01:06]} 28. hxg4 {[%emt 0:00:07]} Nd6 {[%emt 0:09:14]} 29. a5 {[%emt 0:19:28]} g5 {[%emt 0:01:04]} 30. Qf3 {[%emt 0:02:16]} h6 {[%emt 0:00:37]} 31. Re1 {[%emt 0:01:43]} Re8 {[%emt 0:00:17]} 32. Rc2 {[%emt 0:06:04]} Ne4 {[%emt 0:01:31]} 33. Qf5 {[%emt 0:00:39]} Qe6 {[%emt 0:01:08]} 34. Bxe4 {[%emt 0:02:28]} Qxe4+ {[%emt 0:00:11]} 35. Qxe4 {[%emt 0:00:05]} Rxe4 {[%emt 0:00:48]} 36. f3 {[%emt 0:00:10]} Re6 {[%emt 0:00:22]} 37. Rce2 {[%emt 0:00:10]} Ra8 {[%emt 0:00:56]} 38. e4 {[%emt 0:04:52]} dxe4 {[%emt 0:00:31]} 39. fxe4 {[%emt 0:00:08]} Rd8 {[%emt 0:00:57]} 40. Rf1 {[%emt 0:00:23]} Rde8 {[%emt 0:01:44]} 41. Nd2 {[%emt 0:30:55]} Kg7 {[%emt 0:03:59]} 42. Rf5 {[%emt 0:00:00]} f6 {[%emt 0:11:27]} 43. Kf3 {[%emt 0:00:00]} Bd6 {[%emt 0:01:11]} 44. Nb3 {[%emt 0:00:00]} Kg6 {[%emt 0:00:51]} 45. Nd2 {[%emt 0:00:00]} Bf4 {[%emt 0:03:45]} 46. Nb3 {[%emt 0:00:00]} Bd6 {[%emt 0:00:12]} 47. Nc5 {[%emt 0:00:00]} Bxc5 {[%emt 0:00:08]} 48. Rxc5 {[%emt 0:00:00]} h5 {[%emt 0:00:25]} 49. gxh5+ {[%emt 0:00:07]} Kxh5 {[%emt 0:00:08]} 50. c4 {[%emt 0:01:22]} bxc4 {[%emt 0:03:35]} 51. Rxc4 {[%emt 0:00:04]} Kg6 {[%emt 0:02:55]} 52. e5 {[%emt 0:02:36]} fxe5 {[%emt 0:01:54]} 53. Rxe5 {[%emt 0:00:05]} Rxe5 {[%emt 0:00:21]} 54. dxe5 {[%emt 0:00:05]} Re6 {[%emt 0:00:25]} 55. Kg4 {[%emt 0:00:18]} Rxe5 {[%emt 0:05:59]} 56. Rxc6+ {[%emt 0:00:09]} Kf7 {[%emt 0:00:06]} 57. Rxa6 {[%emt 0:05:25]} Ke7 {[%emt 0:02:16]} 58. Rb6 {[%emt 0:00:34]} Kd7 {[%emt 0:00:23]} 59. a6 {[%emt 0:00:27]} Kc7 {[%emt 0:00:12]} 60. Rb7+ {[%emt 0:00:05]} Kc8 {[%emt 0:00:53]} 61. b5 {[%emt 0:00:04]} Rc5 {[%emt 0:00:38]} 62. b6 {[%emt 0:01:04]} Ra5 {[%emt 0:00:10]} 63. Rc7+ {[%emt 0:00:08]} Kb8 {[%emt 0:00:36]} 64. a7+ {[%emt 0:00:32]} Ka8 {[%emt 0:00:28]} 65. Rc8+ {[%emt 0:00:07]} Kb7 {[%emt 0:00:07]} 66. Rb8+ {[%emt 0:00:05]} 1-0

[Event "GER-ch Women 2020"]
[Site "Magdeburg"]
[Date "2020.08.19"]
[Round "5.11"]
[White "Roos, Karin"]
[Black "Hielscher, Ursula"]
[Result "0-1"]
[WhiteElo "1772"]
[BlackElo "1789"]
[Annotator "NA"]
[PlyCount "102"]
[EventDate "2020.08.16"]
[EventType "swiss"]
[EventCountry "GER"]
[SourceTitle "playchess.com"]
[Source "ChessBase"]
[SourceQuality "1"]
[TimeControl "40/5400+30:1800+30"]

1. e4 {[%emt 0:00:00]} e6 {[%emt 0:00:00]} 2. d4 {[%emt 0:00:09]} d5 {[%emt 0:00:00]} 3. exd5 {[%emt 0:00:14]} exd5 {[%emt 0:00:00]} 4. Bd3 {[%emt 0:03:04]} Nf6 {[%emt 0:00:30]} 5. Nf3 {[%emt 0:03:24]} Bg4 {[%emt 0:01:07]} 6. h3 {[%emt 0:00:03]} Bh5 {[%emt 0:00:11]} 7. Nbd2 {[%emt 0:03:19]} Nc6 {[%emt 0:05:50]} 8. c3 {[%emt 0:00:18]} Bd6 {[%emt 0:00:29]} 9. O-O {[%emt 0:01:31]} Ne7 {[%emt 0:02:59]} 10. Qc2 {[%emt 0:10:22]} Bg6 {[%emt 0:01:42]} 11. Ne5 {[%emt 0:02:43]} Bxd3 {[%emt 0:00:54]} 12. Qxd3 {[%emt 0:00:06]} Qc8 {[%emt 0:03:44]} 13. b3 {[%emt 0:07:25]} c6 {[%emt 0:04:02]} 14. Bb2 {[%emt 0:01:27]} Qf5 {[%emt 0:02:00]} 15. Rae1 {[%emt 0:10:19]} O-O {[%emt 0:01:33]} 16. Re3 {[%emt 0:03:02]} c5 {[%emt 0:10:22]} 17. c4 {[%emt 0:08:25]} Qxd3 {[%emt 0:06:48]} 18. Rxd3 {[%emt 0:01:40]} cxd4 {[%emt 0:01:31]} 19. Bxd4 {[%emt 0:00:42]} Nf5 {[%emt 0:04:43]} 20. Bb2 {[%emt 0:04:13]} Rfe8 {[%emt 0:15:36]} 21. Ng4 {[%emt 0:01:35]} Nxg4 {[%emt 0:09:13]} 22. hxg4 {[%emt 0:00:11]} Ne7 {[%emt 0:04:33]} 23. cxd5 {[%emt 0:00:21]} Rad8 {[%emt 0:01:47]} 24. Nc4 {[%emt 0:00:55]} Bb8 {[%emt 0:01:05]} 25. d6 {[%emt 0:02:20]} Nc6 {[%emt 0:02:30]} 26. Rfd1 {[%emt 0:03:22]} b5 {[%emt 0:00:38]} 27. Ne3 {[%emt 0:00:54]} Rd7 {[%emt 0:08:34]} 28. Nf5 {[%emt 0:06:52]} f6 {[%emt 0:00:51]} 29. Kf1 {[%emt 0:01:32]} Kf7 {[%emt 0:00:42]} 30. a3 {[%emt 0:12:48]} Nd8 {[%emt 0:02:06]} 31. Bc3 {[%emt 0:04:03]} a6 {[%emt 0:00:25]} 32. Ba5 {[%emt 0:00:20]} Nb7 {[%emt 0:00:28]} 33. Bc7 {[%emt 0:01:20]} Nc5 {[%emt 0:02:10]} 34. Rc3 {[%emt 0:01:58]} Ne4 {[%emt 0:00:43]} 35. Rc6 {[%emt 0:00:54]} g6 {[%emt 0:01:22]} 36. Bxb8 {[%emt 0:01:42]} Rxb8 {[%emt 0:00:27]} 37. Rc7 {[%emt 0:01:07]} Rbd8 {[%emt 0:02:03]} 38. Rxd7+ {[%emt 0:02:02]} Rxd7 {[%emt 0:00:01]} 39. f3 {[%emt 0:00:44]} gxf5 {[%emt 0:01:09]} 40. fxe4 {[%emt 0:00:29]} fxg4 {[%emt 0:00:52]} 41. Kf2 {[%emt 0:05:21]} Ke6 {[%emt 0:01:52]} 42. Ke3 {[%emt 0:02:29]} Rxd6 {[%emt 0:03:07]} 43. Rh1 {[%emt 0:00:46]} Rd7 {[%emt 0:00:26]} 44. Rh5 {[%emt 0:00:22]} Rc7 {[%emt 0:05:29]} 45. Kd2 {[%emt 0:02:24]} Rg7 {[%emt 0:00:49]} 46. Ke3 {[%emt 0:02:54]} Kf7 {[%emt 0:01:12]} 47. Rc5 {[%emt 0:02:06]} Kg6 {[%emt 0:00:55]} 48. Kf4 {[%emt 0:00:52]} h5 {[%emt 0:00:48]} 49. g3 {[%emt 0:01:11]} Rd7 {[%emt 0:00:30]} 50. Rc6 {[%emt 0:02:15]} Rd3 {[%emt 0:00:49]} 51. Rxa6 {[%emt 0:00:29]} Rf3# {[%emt 0:00:09]} 0-1

[Event "GER-ch Women 2020"]
[Site "Magdeburg"]
[Date "2020.08.20"]
[Round "6.2"]
[White "Just, Anita"]
[Black "Voicu-Jagodzinsky, Carmen"]
[Result "1/2-1/2"]
[WhiteElo "1912"]
[BlackElo "2244"]
[Annotator "TA"]
[PlyCount "116"]
[EventDate "2020.08.16"]
[EventType "swiss"]
[EventCountry "GER"]
[SourceTitle "playchess.com"]
[Source "ChessBase"]
[SourceQuality "1"]

{[%evp 19,116,26,31,18,18,19,21,-106,-102,-111,-107,-103,-101,-114,-97,-97,-108,-115,-108,-122,-120,-131,-101,-115,-115,-120,-120,-132,-110,-124,-116,-135,-133,-152,-149,-156,-132,-146,-144,-151,-134,-188,-138,-147,-139,-136,-133,-127,-102,-114,-101,-114,0,-115,0,-113,-33,-27,0,-112,-98,-102,-102,-106,-105,-104,-109,-120,-99,-141,-110,-131,-104,-128,0,-123,-129,-143,-126,-162,-162,-152,-70,-74,0,0,0,0,0,0,0,0,0,0,0,0,0,0,0]} 1. e4 c5 2. Nf3 Nc6 3. d4 cxd4 4. Nxd4 g6 5. Nc3 Bg7 6. Be3 Nf6 7. Bc4 Qa5 8. O-O O-O 9. Bb3 d6 10. f3 Bd7 11. Nd5 {B35: Sicilian: Accelerated Dragon with 5 Nc3: main line.} Rfe8 12. c3 Rac8 13. Qe2 {[#]} (13. Nc2 $11 {remains equal.}) 13... Nxd5 $146 ({Predecessor:} 13... Nxd4 14. Nxf6+ Bxf6 15. cxd4 Bb5 16. Qe1 Qb6 17. d5 Qa6 18. Rf2 Rc7 19. Rc1 Rec8 20. Rxc7 Rxc7 21. g3 b6 22. Kg2 {½-½ (22) Goldberg,A-Neubert,G DDR 1981}) 14. Bxd5 Nxd4 15. cxd4 Bb5 {[%mdl 64] [#] Skewer} 16. Qe1 Qb6 17. Rf2 Bxd4 18. Bxd4 Qxd4 19. Qd2 Qxd2 20. Rxd2 b6 21. Kf2 Rc7 22. Re1 Rec8 23. Bb3 Rc1 24. Re3 R8c5 25. Bd1 Kg7 26. f4 a5 {[%cal Ba7a5,Ba5a4][%mdl 32]} 27. a3 Bc6 28. Bb3 a4 29. Bd1 R1c4 30. Bf3 (30. Ree2 $17) 30... Rc2 31. Ree2 Rxd2 32. Rxd2 {[%mdl 4096] Endgame KRB-KRB} f6 33. Ke3 Kf7 34. Rd4 Rb5 35. Rd2 Rc5 36. Rd4 $1 Rb5 37. Rd2 Rb3+ (37... g5 $17 {...Rb3+ is the strong threat.} 38. Rc2 gxf4+ 39. Kxf4 Rc5) 38. Kf2 $15 Rb5 (38... Bb5 $11) 39. Ke3 $1 $17 h6 40. Bd1 Rc5 41. Rd4 b5 42. g3 Ke8 43. Rb4 e5 44. h4 Ke7 45. Be2 Ke6 46. Bf3 Ke7 47. Be2 f5 48. exf5 gxf5 49. g4 fxg4 50. Bxg4 {[#]} Kf6 (50... e4 $1 $17 51. Be2 Ke6 52. Bg4+ Kf6) 51. fxe5+ $15 Kxe5 ({Black should play} 51... dxe5 $17 52. Be2 Be8) 52. Rf4 $1 $11 {[%cal Rf4f5] aiming for Rf5+.The position is equal.} Rc4 53. Rf5+ Ke6 54. Rf4+ Ke5 55. Rf5+ Ke6 56. Rf4+ Ke5 57. Rf5+ Ke6 58. Rf4+ Ke5 {Accuracy: White = 85%, Black = 75%.} 1/2-1/2